SCJP Sun certified programmer for Java 6 study guide exam (310-065) (Record no. 5442)

MARC details
000 -LEADER
fixed length control field 00583nam a2200169Ia 4500
003 - CONTROL NUMBER IDENTIFIER
control field SGT
020 ## - INTERNATIONAL STANDARD BOOK NUMBER
International Standard Book Number 9780070264984
082 ## - DEWEY DECIMAL CLASSIFICATION NUMBER
Classification number 5.133
Item number KAT
100 ## - MAIN ENTRY--PERSONAL NAME
Personal name Sierra, Kathy
245 ## - TITLE STATEMENT
Title SCJP Sun certified programmer for Java 6 study guide exam (310-065)
260 ## - PUBLICATION, DISTRIBUTION, ETC. (IMPRINT)
Name of publisher, distributor, etc Tata McGraw Hill Education Private Limited
Place of publication, distribution, etc New Delhi
Year of Publication 2012
300 ## - PAGE DESCRIPTION
No. of Pages 851p.
650 ## - SUBJECT ADDED ENTRY--TOPICAL TERM
Topical term or geographic name as entry element COMPUTER SCIENCE
653 ## - KEYWORDS--INDEX TERM
Keyword term DECLARATIONS AND ACCESS CONTROL, OBJECT ORIENTATION, ASSIGNMENTS, OPERATORS, FLOW CONTROL,EXCEPTIONS,AND ASSERTIONS, ABOUT THE CD, DEVELOPMENT
700 ## - ADDED ENTRY--PERSONAL NAME
Personal name Bates,Bert
942 ## - ADDED ENTRY ELEMENTS (KOHA)
Source of classification or shelving scheme Dewey Decimal Classification
Koha item type Books
Holdings
Withdrawn status Lost status Source of classification or shelving scheme Damaged status Not for loan Home library Current library Date acquired SGTU Total Checkouts Full call number Accession No. (Barcode) Date last seen Bill Date Koha item type Use restrictions Collection code Shelving location Date last borrowed
    Dewey Decimal Classification     SGT Engineering Library SGT Engineering Library 06/11/2012 SGTU   5.133 KAT FE5091 09/02/2015 09/02/2015 Books        
    Dewey Decimal Classification     SGT Engineering Library SGT Engineering Library 06/11/2012 SGTU   5.133 KAT FE5092 09/02/2015 09/02/2015 Books        
    Dewey Decimal Classification   Not For Loan SGT Engineering Library SGT Engineering Library 06/11/2012 SGTU   5.133 KAT FE5093 09/02/2015 09/02/2015 Books Restricted Access ENGINEERING Reference Book  
    Dewey Decimal Classification     SGT Engineering Library SGT Engineering Library 06/11/2012 SGTU   5.133 KAT FE5094 09/02/2015 09/02/2015 Books        
    Dewey Decimal Classification     SGT Engineering Library SGT Engineering Library 06/11/2012 SGTU   5.133 KAT FE5095 09/02/2015 09/02/2015 Books        
    Dewey Decimal Classification     SGT Engineering Library SGT Engineering Library 06/11/2012 SGTU   5.133 KAT FE5096 09/02/2015 09/02/2015 Books        
    Dewey Decimal Classification     SGT Engineering Library SGT Engineering Library 06/11/2012 SGTU   5.133 KAT FE5097 09/02/2015 09/02/2015 Books        
    Dewey Decimal Classification     SGT Engineering Library SGT Engineering Library 06/11/2012 SGTU   5.133 KAT FE5098 09/02/2015 09/02/2015 Books        
    Dewey Decimal Classification     SGT Engineering Library SGT Engineering Library 06/11/2012 SGTU 1 5.133 KAT FE5099 28/05/2018 09/02/2015 Books       18/05/2018
    Dewey Decimal Classification     SGT Engineering Library SGT Engineering Library 06/11/2012 SGTU   5.133 KAT FE5100 09/02/2015 09/02/2015 Books